Online Catalogue and eLibrary

Transition from civil war to peace : (Record no. 4763)

MARC details
000 -LEADER
fixed length control field 00267nam a2200097Ia 4500
008 - FIXED-LENGTH DATA ELEMENTS--GENERAL INFORMATION
fixed length control field 240331s9999 xx 000 0 und d
082 ## - DDC Classification
Item Number - Author Mark UYA
100 ## - MAIN ENTRY--PERSONAL NAME
Personal name Uyangoda,J
245 #0 - TITLE STATEMENT
Title Transition from civil war to peace :
Remainder of title challenges of peace building in Sri Lanka
942 ## - Koha item type (Biblio)
Koha item type Books in Stacks (Lending)
Holdings
Lost status Damaged status Collection code Home library Current library Shelving location Date acquired Full call number Accession Number Item type
    Lending WERC Library WERC Library Social Science Cupboard 03/31/2024 303.6 UYA 5495 Books in Stacks (Lending)

© WERC Library